000 00301nam a22001337a 4500
008 170426b xxu||||| |||| 00| 0 eng d
020 _a0471812234
041 _aeng
080 _a54
100 _a12
101 _aSHM
245 _aCHEMISTRY OF PIGMENTS AND FILLERS
_cSOLOMON, D.H
942 _2udc
_cBK
999 _c12055
_d12055